| 000 | 00362nam a2200145Ia 4500 | ||
|---|---|---|---|
| 008 | 230917s9999||||xx |||||||||||||| ||und|| | ||
| 040 |
_e176161 _aMAIN |
||
| 041 | _aEnglish | ||
| 082 | _a363.7 S64E | ||
| 100 | _aSinha, Rajiv K | ||
| 245 | 0 | _aEnvironmental Biotechnology | |
| 260 |
_aJaipur _bAavishkar Publishers _c2008 |
||
| 300 | _axx, 315 p. | ||
| 942 | _cBK | ||
| 999 |
_c156215 _d156215 |
||